Report to the international conference on public instruction convoked by the OIE and the UNESCO.

Guardat en:
Dades bibliogràfiques
Autor corporatiu: Cuba, Ministerio de Educación, Report to the international conference on public instruction convoked by the OIE and the UNESCO
Format: Actes de congresos Llibre
Idioma:espanyol
Matèries:
Etiquetes: Afegir etiqueta
Sense etiquetes, Sigues el primer a etiquetar aquest registre!

MARC

LEADER 00000cam^a2200000uu^4500
001 000487721
005 20250521000000.0
008 030710s1967^^^^^^^^^^^^rd^r^1000^0^spa^d
009 20260310125250.71
035 |a FCE 000030894 
035 |a FCE 015039 
037 |a Acervo ITESO - Biblioteca 
041 |a spa 
082 0 4 |a 378.118  |b CUBr 
110 |a Cuba,  |b Ministerio de Educación 
245 1 0 |a Report to the international conference on public instruction convoked by the OIE and the UNESCO. 
264 |a La Habana :  |b Year of Heroic Vietnam,  |c 1967. 
300 |a 82 p. 
336 |a texto  |b txt  |2 rdacontenido 
337 |a sin mediación  |b n  |2 rdamedio 
338 |a volumen  |b nc  |2 rdasoporte 
611 4 |a Conferencia 
649 |a XX 
650 |a Acceso a la educación 
650 |a Docentes 
650 |a Sistema educativo 
650 |a Administración de la educación 
650 |a Desarrollo de la educación 
650 |a Cuba 
711 |a Report to the international conference on public instruction convoked by the OIE and the UNESCO  |c Ginebra, Suiza)  |d 6-15 jul. 1967 :  |n (30 : 
910 |a Fondo Centro de Estudios Educativos 
920 |a Impresos - Libros 
930 |a Fondos Especiales 
905 |a 133 
901 |a ALE015039  |b IT2  |c CEE  |u 20250521 
902 |a https://opac.biblio.iteso.mx/vufind/Record/000487721